Engineering fundamentals of the internal combustion engine / (رقم التسجيلة. 37283)

تفاصيل مارك
000 -فاتح التسجيلة
الفاتح 00613 a2200181 4500
008 - عناصر البيانات ثابتة الطول
عناصر البيانات ثابتة الطول 150713s2014 enka g b 001 0 eng d
020 ## - ردمك
ردمك 9781292027296
082 00 - رقم تصنيف ديوي العشري
رقم تصنيف ديوي 621.43
اصدار خطة التصنيف 23
رقم المادة PWE
100 1# - المؤلف - اسم شخصي (مدخل رئيسي)
الاسم (اسم العائلة، الاسماء الاولى Pulkrabek, Willard W.
245 10 - العنوان
العنوان الفعلي Engineering fundamentals of the internal combustion engine /
بيان المسئولية Willard W. Pulkrabek.
250 ## - الطبعة
بيان الطبعة 2nd ed.
260 ## - بيانات النشر
مكان النشر Harlow, Essex :
الناشر Pearson,
التاريخ 2014.
300 ## - الوصف المادي
التعداد ii, 486 p. :
بيانات مادية أخرى ill. ;
اﻷبعاد 28 cm.
490 0# - بيان السلسلة
بيان السلسلة Pearson custom library
504 ## - تبصرة ببليوجرافية
تبصرة ببليوجرافية للأقراص Includes bibliographical references and index.
650 #0 - رأس موضوع - مصطلح موضوعي
الموضوع Internal combustion engines
942 ## - مداخل إضافية خاصة بكوها
Koha [default] item type كتاب
100 1# - المؤلف - اسم شخصي (مدخل رئيسي)
-- 48496
650 #0 - رأس موضوع - مصطلح موضوعي
-- 48497
المقتنيات
حالة اﻹلغاء مادة مفقودة مصدر خطة التصنيف أو الترفيف حالة التلف غير مسموح باﻹعارة موقع غير دائم الموقع الحالي تاريخ التزويد إجمالي اﻹعارات رقم الطلب بالكامل الباركود آخر تاريخ للعرض رقم النسخة السعر فعال من تاريخ نوع المادة في كوها آخر تاريخ إعارة
    Dewey Decimal Classification   Not For Loan المكتبة المركزية بالمجمعة (CL) المكتبة المركزية بالمجمعة (CL) 2015-07-13   621.43 PWE 00212530 2015-07-13 1 2015-07-13 كتاب  
    Dewey Decimal Classification     المكتبة المركزية بالمجمعة (CL) المكتبة المركزية بالمجمعة (CL) 2015-07-13 1 621.43 PWE 00212529 2017-10-26 2 2015-07-13 كتاب 2017-02-28
    Dewey Decimal Classification     المكتبة المركزية بالمجمعة (CL) المكتبة المركزية بالمجمعة (CL) 2015-07-13 1 621.43 PWE 00212528 2020-03-03 3 2015-07-13 كتاب 2017-12-06